35º Congreso Argentino de Producción Animal

Guardado en:
Autores Corporativos: Congreso Argentino de Producción Animal Córdoba), Asociación Argentina de Producción Animal.
Formato: Electrónico
Idioma:Spanish
Publicado: Balcarce : AAPA, 2012.
Series:Revista Argentina de Producción Animal ; v. 32 Supl. 1
Acceso en línea:Acceso a texto completo
Etiquetas: Agregar Etiqueta
Sin Etiquetas, Sea el primero en etiquetar este registro!
LEADER 00737nmm a22001455a 4500
001 EEA.libagro010665
008 140203s2012####ag#########m########spa#d
005 20200318152010.0
245 1 0 |a 35º Congreso Argentino de Producción Animal  |h [recurso electrónico] /  |c Asociación Argentina de Producción Animal. 
260 |a Balcarce :  |b AAPA,  |c 2012. 
490 1 |a Revista Argentina de Producción Animal ;  |v v. 32 Supl. 1 
538 |a Modo de acceso: World Wide Web. 
111 2 |a Congreso Argentino de Producción Animal  |n (35 :  |d 9 al 12 de octubre de 2012 :  |c Córdoba) 
710 2 |a Asociación Argentina de Producción Animal. 
856 |3 Acceso a texto completo  |u http://ppct.caicyt.gov.ar/index.php/rapa/issue/view/Volumen%2032%20Supl.%201%20-%202012/showToc